Rozhranie Mozog-počítač

Guardado en:
Detalles Bibliográficos
Autor principal: Surový, Maroš (Autor)
Otros Autores: Vargic, Radoslav (Orientador)
Formato: Manuscrito Libro
Lenguaje:eslovaco
Publicado: 2017
Materias:
Acceso en línea:http://is.stuba.sk/zp/portal_zp.pl?podrobnosti=127503
Etiquetas: Agregar Etiqueta
Sin Etiquetas, Sea el primero en etiquetar este registro!

MARC

LEADER 00000ntm a22000003a 4500
001 stuzp60517
003 SK-STU
005 20170703122625.0
007 ta
008 150427s2015----xo-----f-mn---000-0-slo-d
040 |a STU  |b slo 
041 0 |a slo 
044 |a xo 
100 1 |a Surový, Maroš  |u 037000  |4 aut  |U FEI Fakulta elektrotechniky a informatiky  |T FEI Ústav multimediálnych informačných a komunikačných technológií  |X 6306  |U E070  |Y 818  |7 6306 
242 0 1 |a Brain-computer interface  |y eng 
245 1 0 |a Rozhranie Mozog-počítač 
260 |c 2017 
300 |a príl.,  |b CD-ROM 
650 4 |a Rozhranie mozog – počítač  |2 slo 
650 4 |a BCI  |2 slo 
650 4 |a EEG  |2 slo 
650 4 |a kNN  |2 slo 
650 4 |a Emotiv  |2 slo 
650 4 |a ovládanie zariadení EEG signálmi  |2 slo 
650 4 |a Brain computer interface (BCI)  |2 eng 
650 4 |a kNN  |2 eng 
650 4 |a EEG  |2 eng 
650 4 |a device control by EEG signals  |2 eng 
700 1 |a Vargic, Radoslav  |u 037000  |k Z1  |4 ths  |U FEI Fakulta elektrotechniky a informatiky  |T FEI Ústav multimediálnych informačných a komunikačných technológií  |X 1918  |U E070  |Y 818  |7 A000001918 
856 4 |u http://is.stuba.sk/zp/portal_zp.pl?podrobnosti=127503 
996 |b 284EP11738  |c E*DIPL- 11738  |l EE37  |s P  |a 0  |w stuzp60517_0001